Marketingová komunikácia nadácie Integra v oblasti fair trade diplomová práca
Uložené v:
| Hlavný autor: | |
|---|---|
| Korporativný autor: | |
| Ďalší autori: | |
| Médium: | Kniha |
| Jazyk: | Slovak |
| Vydavateľské údaje: |
Bratislava
2010
|
| Tagy: |
Žiadne tagy, Buďte prvý, kto otaguje tento záznam!
|
MARC
| LEADER | 00000nam$a2200000$$$4500 | ||
|---|---|---|---|
| 001 | 0121835 | ||
| 005 | 20240318122617.5 | ||
| 041 | 0 | |a slo | |
| 044 | |a SK | ||
| 245 | 1 | 0 | |a Marketingová komunikácia nadácie Integra v oblasti fair trade |b diplomová práca |c Veronika Pašková ; škol. Marína Korčoková |
| 264 | 1 | |a Bratislava |c 2010 | |
| 300 | |a 76 s. | ||
| 100 | 1 | |a Pašková, Veronika | |
| 700 | 1 | |a Korčoková, Marína, 1970- | |
| 710 | 2 | |a Obchodná fakulta EU. Katedra marketingu | |